| LEADER | 00733cam a2200229 7i4500 | ||
|---|---|---|---|
| 001 | 0000055371 | ||
| 005 | 20151104090000.0 | ||
| 005 | ##20151104173700.0 | ||
| 002 | ##000002323 | ||
| 003 | ##MY-KlINT | ||
| 008 | 151104 00010 eng | ||
| 039 | # | 9 | |y 201511041737 |z VLOAD |
| 090 | 0 | 0 | |a 351.720595 JOH |
| 110 | 0 | # | |a JOHOR |
| 245 | 0 | 0 | |a Ucapan belanjawan negeri Johor tahun 1987 oleh Yang Amat Berhormat Menteri Besar Johor di persidangan Dewan Negeri Johor pada 29hb. November 1986. |
| 260 | # | # | |a Johor: |b [S. n], |c 1986. |
| 300 | # | # | |a 16 p; |c 25cm. |
| 650 | # | 0 | |a Budge -- |z Johor |
| 996 | |a ikwas2000.out | ||
| 997 | |a 3000032627 |b IKWS |c MNF |d BOK | ||
| 998 | |a 0000002300 | ||
| 999 | |a 3000032627 |b BOOK |c Main Non-Fiction |e INTAN Kampus Wilayah Selatan | ||